| 000 | 00945nam a22002537a 4500 | ||
|---|---|---|---|
| 005 | 20110906164841.0 | ||
| 008 | 110906t xxu||||| |||| 00| 0 eng d | ||
| 010 | _aENG-103640 | ||
| 020 |
_a9788120344204 _c175.00 |
||
| 035 | _aEN-87173 | ||
| 037 | _bDBAD/PUB | ||
| 040 | _aDPL | ||
| 082 | _a485 | ||
| 100 |
_aKonar, Nira _934619 |
||
| 245 |
_aCommunication skills for professionals / _cby Nira Konar |
||
| 250 | _a2nd ed | ||
| 260 |
_a New Delhi _bPHI Learining _c2011 |
||
| 270 |
_aM-97, Connaught Circus _bNew Delhi _e110001 |
||
| 300 |
_axx,204p. _c24cm (pbk) |
||
| 500 | _aIncludes bibliographical references and index | ||
| 942 |
_2ddc _cEN _mKON _h485 |
||
| 999 |
_c56463 _d56463 |
||